00572 a2200181 450000100060000002000150000604000370002110000170005824000230007524500180009830000090011636200090012565000240013494200070015895201040016595201040026999900170037371395 a8532203914 cAnchieta - Colégio São Paulo aFurnari, Eva10aQuer brincar?lpor10aQuer brincar? a[16]0 a1998 4aLiteratura infantil cBK 00104070a88.1b88.1d2023-11-22l0oLI 028.5 F987qp483/CSPr2023-11-22 14:27:35w2023-11-22yBK 00104070a88.1b88.1d2023-11-22l0oLI 028.5 F987qp484/CSPr2023-11-22 14:27:35w2023-11-22yBK c71395d71395